| 000 | 00585cam a22002291 4500 | ||
|---|---|---|---|
| 001 | sa 68012558 | ||
| 003 | DLC | ||
| 005 | 20260227112611.0 | ||
| 008 | 940728s1967 ii c 000 0 urdo | ||
| 010 | _asa 68012558 | ||
| 025 | _aPL480:I-U-2118 | ||
| 035 | _a(OCoLC)30844603 | ||
| 040 |
_aDLC _cCU _dCU _dDLC |
||
| 042 | _apremarc | ||
| 050 | 0 | 0 |
_aBP135.A3 _bS16 |
| 100 | 0 | _aSaʻādat Ḥusain K̲h̲ān. [from old catalog] | |
| 245 | 1 | 0 | _aJavāhir-i ṣadaf-i risālat. |
| 260 | _c[1967] | ||
| 300 |
_a80 p. _bport. _c19 cm. |
||
| 500 | _aIn Urdu. | ||
| 650 | 0 |
_aHadith _vTexts. |
|
| 999 |
_c84594 _d84594 |
||